Ver a Miró : (Record no. 168764)
[ view plain ]
| 000 -LEADER | |
|---|---|
| campo de control de longitud fija | 01730nam a22003135i 4500 |
| 001 - NÚMERO DE CONTROL | |
| campo de control | 168764 |
| 003 - IDENTIFICADOR DE NÚMERO DE CONTROL | |
| campo de control | ES-MaACL |
| 005 - FECHA Y HORA DE LA ÚLTIMA TRANSACCIÓN | |
| campo de control | 20251216165939.0 |
| 008 - DATOS DE LONGITUD FIJA--INFORMACIÓN GENERAL | |
| campo de control de longitud fija | 210816s1993 sp a 001 0dspa d |
| 020 ## - NÚMERO INTERNACIONAL ESTÁNDAR DEL LIBRO | |
| Número Internacional Estándar del Libro | 84-7664-404-3 |
| 080 ## - NÚMERO DE LA CLASIFICACIÓN DECIMAL UNIVERSAL | |
| Número de la Clasificación Decimal Universal | 75 Miró, Joan (064) |
| 080 ## - NÚMERO DE LA CLASIFICACIÓN DECIMAL UNIVERSAL | |
| Número de la Clasificación Decimal Universal | 7.036/.038(460)(083.824) |
| 245 00 - MENCIÓN DEL TÍTULO | |
| Título | Ver a Miró : |
| Resto del título | la irradiación de Miró en el arte español : exposición organizada por la Fundación "la Caixa", 15 de abril-6 de junio 1993, Sala de Exposiciones de la Fundación "la Caixa" / |
| Mención de responsabilidad, etc. | [autores, Juan Manuel Bonet, Victoria Combalía, Michèle Dalmace, Joan Minguet]. |
| 260 ## - PUBLICACIÓN, DISTRIBUCIÓN, ETC. | |
| Lugar de publicación, distribución, etc. | Barcelona : |
| Nombre del editor, distribuidor, etc. | Fundación "Ia Caixa", |
| Fecha de publicación, distribución, etc. | [1993] |
| 300 ## - DESCRIPCIÓN FÍSICA | |
| Extensión | 231 p. : |
| Otras características físicas | il. col. ; |
| Dimensiones | 30 cm. |
| 505 8# - NOTA DE CONTENIDO CON FORMATO | |
| Nota de contenido con formato | Contiene: Los años 20-30: el impacto del primer Miró / Victoria Combalía . Joan Miró: "faro" de la generación abstracta / Juan Manuel Bonet . Los años 60-70: años de contestación / Michèle Dalmace-Rognon . Miró en los años 70-80 / Victoria Combalía . Joan Miró en el arte español: una aproximación cronológica (1918-1983) / Joan M. Minguet Batllori . Biografías |
| 546 ## - NOTA DE IDIOMA | |
| Nota de lengua/lenguaje | Biografías en español e inglés. |
| 600 04 - PUNTO DE ACCESO ADICIONAL DE MATERIA--NOMBRE DE PERSONA | |
| Nombre de persona | Miró, Joan, |
| Fechas asociadas al nombre | 1893-1983- |
| Subdivisión de forma | Exposiciones |
| 9 (RLIN) | 81605 |
| 650 #4 - PUNTO DE ACCESO ADICIONAL DE MATERIA--TÉRMINO DE MATERIA | |
| Término de materia o nombre geográfico como elemento de entrada | Arte español- |
| Subdivisión cronológica | S.XX- |
| Subdivisión de forma | Exposiciones. |
| 9 (RLIN) | 10206 |
| 655 #7 - TERMINO DE INDIZACIÓN--GENERO/FORMA | |
| Fuente del término | tgfbne |
| 9 (RLIN) | 193628 |
| Datos o término principal de género/forma | Catálogos de exposiciones |
| 700 1# - ENTRADA AGREGADA--NOMBRE PERSONAL | |
| Nombre de persona | Bonet, Juan Manuel. |
| 9 (RLIN) | 30121 |
| 700 1# - ENTRADA AGREGADA--NOMBRE PERSONAL | |
| Nombre de persona | Combalia, Victòria, |
| Fechas asociadas al nombre | 1952- |
| 9 (RLIN) | 173256 |
| 700 1# - ENTRADA AGREGADA--NOMBRE PERSONAL | |
| Nombre de persona | Dalmace, Michèle. |
| 9 (RLIN) | 42501 |
| 700 1# - ENTRADA AGREGADA--NOMBRE PERSONAL | |
| Nombre de persona | Minguet i Batllori, Joan M ( |
| Fechas asociadas al nombre | 1958-) |
| 9 (RLIN) | 173257 |
| 710 2# - ENTRADA AGREGADA--NOMBRE DE ENTIDAD CORPORATIVA | |
| Nombre de entidad corporativa o nombre de jurisdicción como elemento de entrada | Fundació "la Caixa" |
| 9 (RLIN) | 173255 |
| 852 4# - LOCALIZACIÓN | |
| Ubicación | ES-MaACL |
| Número de control de estantería | A-14712 |
| itemnumber | 175311 |
| Sublocalización o colección | R.151970 |
| Ubicación en estantería | Depósito 1 |
| Signatura antigua | Olim: N-7712 |
| Donativo/Legado | Donación: Editorial |
| 942 ## - ELEMENTOS DE ENTRADA SECUNDARIOS (KOHA) | |
| Fuente del sistema de clasificación o colocación | Clasificación decimal universal |
| Tipo de ítem Koha | Libro impreso |
| Estatus retirado | Estado de pérdida | Fuente del sistema de clasificación o colocación | Estado de daño | No para préstamo | Biblioteca de origen | Biblioteca actual | Ubicación en estantería | Fecha de adquisición | Fuente de adquisición | Total de préstamos | Signatura topográfica completa | Código de barras | Visto por última vez | Precio de reemplazo | Tipo de ítem Koha |
|---|---|---|---|---|---|---|---|---|---|---|---|---|---|---|---|
| Clasificación decimal universal | Biblioteca del Ateneo de Madrid | Biblioteca del Ateneo de Madrid | Depósito 1 | 16/08/2021 | Donación | A-14712 | 1202623 | 23/02/2023 | 23/02/2023 | Libro impreso |
